| 000 | 00562nam a2200181Ia 4500 | ||
|---|---|---|---|
| 003 | LK-CoDNM | ||
| 008 | 010623t2003 xxu||||| |||| 00| 1 sin d | ||
| 040 |
_aLK-CoDNM _dLK-CoDNM _eLK-CoDNM |
||
| 041 | _asin | ||
| 080 | _a792.028 | ||
| 100 |
_aRasnek, Ben _etr. |
||
| 245 | _aස්ටැනිස්ලවිස්කිගේ අසිරිමත් රංගන කලාව | ||
| 246 | _aStenislovskigee asirimath rangana kalava | ||
| 260 |
_bSaraswathi prakashana _aDivulapitiya _c2003 |
||
| 300 | _b(xii)360, 22.5 cm | ||
| 650 | _aDrama | ||
| 942 | _cBK | ||
| 999 |
_c123331 _d123331 |
||